Представление документа в формате RUSMARC

ПолеНазваниеЗначение
  Тип записи a
  Библиографический уровень m
001 Контрольный номер RU/SLIB/B/208732348
005 Дата корректировки 20240301144230.8
010 Индекс ISBN __
a ISBN 5-318-00234-х
d Цена 140-00
101 Язык документа 0_
a Язык текста rus
c Язык оригинала rus
200 Заглавие и сведения об ответственности 1_
a Заглавие Макроэкономика
e Сведения, относящиеся к заглавию учебник
f Первые сведения об ответственности А. С. Селищев ; под ред. А. И. Леусского
b Общее обозначение материала Текст
205 Сведения об издании __
a Основные сведения об издании 2-е изд., испр.
210 Выходные данные 1_
a Место издания СПб.
c Издательство Питер
d Дата издания 2001
215 Физическое описание __
a Объем 440 с.
c Иллюстрации/тип воспроизводства ил.
225 Серия 2_
a Серия Учебник для вузов
330 Аннотация __
a Аннотация Представлен полный курс макроэкономики для студентов экономических специальностей.
606 Тематические рубрики __
a Основная рубрика Макроэкономика
606 Тематические рубрики __
a Основная рубрика Экономика
610 Ключевые слова 0_
a Ключевые слова моделирование; экономическое равновесие; потребление; инвестиционный рынок; спрос; предложение (экономика); деньги; платежный баланс; рынок труда; безработица; цена; инфляция; экономические циклы; экономический рост; реформы; математика; рыночная экономика; труд; экономический анализ; инвестиции
686 Индексы других классификаций __
a Классификационный индекс 65.012.3я73
700 Автор _1
a Фамилия Селищев
b Имя А. С.
4 Код отношения 070
702 Вторичная интеллектуальная ответственность _1
a Фамилия Леусский
b Имя А. И.
4 Код отношения Редактор
4 Код отношения 340
801 Источник записи _0
a Страна RU
b Организация Муниципальное бюджетное учреждение культуры "Централизованная библиотечная система" г. Сургут (Центральная городская библиотека им. А. С. Пушкина)
g Правила каталогизации КиК/Тесленко
801 Источник записи _1
a Страна RU
b Организация Муниципальное бюджетное учреждение культуры "Централизованная библиотечная система" г. Сургут (Центральная городская библиотека им. А. С. Пушкина)
g Правила каталогизации КиК/Тесленко
852 Данные о местонахождении __
j Шифр хранения 65.012.3я73
c Каталожный индекс 65.012.3я73
i Авторский знак С 29
901 Тип документа __
t Тип документа m
903 Характеристики (МАРС) __
a Дата передачи 20021209
969 Тип издания __
a Тип издания учебник
990 Данные о заказе (DOS) __
j Количество экземпляров (DOS) 2
t N записи в КСУ для И/У (DOS) 200301